[Event "European Women's Championship"]
[Site "Vysoke Tatry"]
[Date "2018.04.17"]
[Round "9"]
[White "Ptacnikova, Lenka"]
[Black "Smirnova, Ekaterina"]
[Result "1/2-1/2"]
[Board "58"]
[WhiteElo "2198"]
[WhiteTitle "WGM"]
[WhiteCountry "ISL"]
[WhiteFideId "305650"]
[WhiteEloChange "-1"]
[BlackElo "2153"]
[BlackTitle "WFM"]
[BlackCountry "RUS"]
[BlackFideId "4110943"]
[BlackEloChange "1"]

1. c4 {[%clk 1:30:58]} c6 {[%clk 1:30:55]} 2. Nf3 {[%clk 1:31:13]} d5 {[%clk
1:31:18]} 3. e3 {[%clk 1:31:27]} Nf6 {[%clk 1:31:22]} 4. Nc3 {[%clk 1:31:02]} e6
{[%clk 1:30:48]} 5. Qc2 {[%clk 1:30:12]} a6 {[%clk 1:30:34]} 6. b3 {[%clk
1:28:12]} c5 {[%clk 1:30:57]} 7. cxd5 {[%clk 1:28:07]} exd5 {[%clk 1:31:17]} 8.
d4 {[%clk 1:28:22]} Nc6 {[%clk 1:31:17]} 9. dxc5 {[%clk 1:18:24]} Bxc5 {[%clk
1:32:06]} 10. Na4 {[%clk 1:16:32]} Bb4+ {[%clk 1:30:10]} 11. Bd2 {[%clk 1:12:31]}
Bxd2+ {[%clk 1:27:43]} 12. Nxd2 {[%clk 1:11:20]} O-O {[%clk 1:25:02]} 13. Bd3
{[%clk 1:01:59]} Nb4 {[%clk 1:14:51]} 14. Qc3 {[%clk 1:01:29]} d4 {[%clk
1:08:56]} 15. Qxb4 {[%clk 1:00:24]} dxe3 {[%clk 1:09:24]} 16. Be2 {[%clk
0:59:13]} exd2+ {[%clk 1:04:28]} 17. Qxd2 {[%clk 0:59:30]} Qxd2+ {[%clk 1:03:49]}
18. Kxd2 {[%clk 0:59:58]} Rd8+ {[%clk 1:03:57]} 19. Ke1 {[%clk 0:59:13]} Bf5
{[%clk 1:03:18]} 20. Nb6 {[%clk 0:58:47]} Rab8 {[%clk 1:03:40]} 21. f3 {[%clk
0:55:58]} Rd6 {[%clk 1:01:30]} 22. Nc4 {[%clk 0:56:19]} Re6 {[%clk 1:01:44]} 23.
Kf2 {[%clk 0:56:38]} Rbe8 {[%clk 1:00:39]} 24. Rhe1 {[%clk 0:56:40]} b5 {[%clk
1:00:38]} 25. Na5 {[%clk 0:55:52]} Nd5 {[%clk 0:56:50]} 26. a4 {[%clk 0:47:32]}
Nc3 {[%clk 0:54:19]} 27. Bf1 {[%clk 0:47:50]} Rxe1 {[%clk 0:54:22]} 28. Rxe1
{[%clk 0:48:17]} Rxe1 {[%clk 0:54:46]} 29. Kxe1 {[%clk 0:48:46]} bxa4 {[%clk
0:55:04]} 30. bxa4 {[%clk 0:48:58]} Nxa4 {[%clk 0:54:24]} 31. Bxa6 {[%clk
0:49:07]} Nc5 {[%clk 0:54:21]} 32. Bc4 {[%clk 0:49:01]} Be6 {[%clk 0:54:31]} 33.
Bb5 {[%clk 0:49:09]} g5 {[%clk 0:53:50]} 34. Kf2 {[%clk 0:49:08]} Kg7 {[%clk
0:53:47]} 35. Ke3 {[%clk 0:49:27]} f6 {[%clk 0:50:40]} 36. Nc6 {[%clk 0:48:03]}
Bd7 {[%clk 0:46:19]} 37. Nd4 {[%clk 0:48:26]} Bxb5 {[%clk 0:46:32]} 38. Nxb5
{[%clk 0:48:54]} Kg6 {[%clk 0:46:36]} 39. Nd6 {[%clk 0:49:03]} h5 {[%clk
0:46:16]} 40. g3 {[%clk 1:19:12]} Nd7 {[%clk 1:12:29]} 41. f4 {[%clk 1:17:18]}
gxf4+ {[%clk 1:12:34]} 42. gxf4 {[%clk 1:17:00]} f5 {[%clk 1:10:11]} 43. Kd4
{[%clk 1:16:55]} Kf6 {[%clk 1:09:28]} 44. Ne8+ {[%clk 1:14:49]} Kf7 {[%clk
1:08:52]} 45. Nc7 {[%clk 1:14:42]} h4 {[%clk 1:04:27]} 46. h3 {[%clk 1:13:11]}
Nf6 {[%clk 1:02:44]} 47. Ke3 {[%clk 1:06:46]} Kg6 {[%clk 1:02:03]} 48. Nb5 {[%clk
1:04:23]} Nd5+ {[%clk 1:01:35]} 49. Kf3 {[%clk 1:04:47]} Kf6 {[%clk 1:01:00]} 50.
Nd4 {[%clk 1:05:05]} Ne7 {[%clk 1:00:51]} 51. Nc2 {[%clk 1:03:31]} Ke6 {[%clk
1:00:41]} 52. Ne1 {[%clk 1:00:18]} Ng6 {[%clk 0:59:49]} 53. Ke3 {[%clk 1:00:12]}
Kd5 {[%clk 0:59:50]} 54. Nf3 {[%clk 0:59:31]} Ke6 {[%clk 0:58:41]} 55. Nd4+
{[%clk 0:59:40]} Kf6 {[%clk 0:59:10]} 56. Ne2 {[%clk 0:58:48]} Ke6 {[%clk
0:58:59]} 57. Nd4+ {[%clk 0:58:19]} Kf6 {[%clk 0:59:28]} 58. Nc2 {[%clk 0:58:34]}
Ke6 {[%clk 0:59:19]} 59. Ne1 {[%clk 0:57:44]} Kd5 {[%clk 0:58:23]} 60. Ng2 {[%clk
0:56:23]} Kc4 {[%clk 0:54:28]} 61. Kf3 {[%clk 0:56:32]} Kd5 {[%clk 0:52:15]} 62.
Ne3+ {[%clk 0:55:34]} Ke6 {[%clk 0:52:45]} 63. Nc4 {[%clk 0:54:22]} Kd5 {[%clk
0:51:42]} 64. Nb6+ {[%clk 0:54:30]} Kc6 {[%clk 0:49:22]} 65. Na4 {[%clk 0:54:41]}
Kd6 {[%clk 0:49:23]} 66. Nc3 {[%clk 0:54:29]} Ke6 {[%clk 0:49:00]} 67. Ke3 {[%clk
0:52:55]} Kd6 {[%clk 0:47:21]} 68. Ne2 {[%clk 0:51:34]} Ke6 {[%clk 0:47:39]} 69.
Kd4 {[%clk 0:51:20]} Kd6 {[%clk 0:46:12]} 70. Kd3 {[%clk 0:51:08]} Kd5 {[%clk
0:44:48]} 71. Ke3 {[%clk 0:51:21]} Ke6 {[%clk 0:44:48]} 1/2-1/2

[Event "European Women's Championship"]
[Site "Vysoke Tatry"]
[Date "2018.04.17"]
[Round "9"]
[White "Chernyak, Viktoria"]
[Black "Kejzar, Petra"]
[Result "1/2-1/2"]
[Board "59"]
[WhiteElo "2196"]
[WhiteTitle "WFM"]
[WhiteCountry "RUS"]
[WhiteFideId "24165956"]
[WhiteEloChange "-3"]
[BlackElo "2071"]
[BlackCountry "SLO"]
[BlackFideId "14610213"]
[BlackEloChange "3"]

1. d4 {[%clk 1:30:52]} f5 {[%clk 1:30:55]} 2. Nc3 {[%clk 1:31:06]} Nf6 {[%clk
1:31:18]} 3. Bg5 {[%clk 1:31:28]} d5 {[%clk 1:31:39]} 4. Bxf6 {[%clk 1:31:22]}
exf6 {[%clk 1:32:03]} 5. e3 {[%clk 1:31:48]} Be6 {[%clk 1:32:10]} 6. Bd3 {[%clk
1:31:50]} Nc6 {[%clk 1:32:05]} 7. h4 {[%clk 1:25:26]} h5 {[%clk 1:08:17]} 8. Nh3
{[%clk 1:15:16]} g6 {[%clk 1:08:31]} 9. Nf4 {[%clk 1:09:37]} Bf7 {[%clk 1:08:55]}
10. a3 {[%clk 1:09:21]} Bh6 {[%clk 1:02:46]} 11. g3 {[%clk 1:04:43]} Ne7 {[%clk
1:01:29]} 12. Nce2 {[%clk 1:02:03]} c6 {[%clk 0:58:43]} 13. Qd2 {[%clk 1:01:03]}
Nc8 {[%clk 0:58:28]} 14. b3 {[%clk 0:56:45]} Nd6 {[%clk 0:58:02]} 15. c3 {[%clk
0:52:08]} Ne4 {[%clk 0:48:08]} 16. Qc2 {[%clk 0:51:04]} O-O {[%clk 0:48:04]} 17.
c4 {[%clk 0:49:11]} b6 {[%clk 0:40:29]} 18. O-O {[%clk 0:46:19]} Qe7 {[%clk
0:36:26]} 19. cxd5 {[%clk 0:41:54]} cxd5 {[%clk 0:36:35]} 20. Ba6 {[%clk
0:39:37]} Rad8 {[%clk 0:36:08]} 21. Rfc1 {[%clk 0:37:05]} g5 {[%clk 0:31:47]} 22.
Ng2 {[%clk 0:34:54]} Kh8 {[%clk 0:24:04]} 23. hxg5 {[%clk 0:27:28]} fxg5 {[%clk
0:23:38]} 24. Qc7 {[%clk 0:27:13]} Rd7 {[%clk 0:23:31]} 25. Qe5+ {[%clk 0:27:33]}
Qxe5 {[%clk 0:23:10]} 26. dxe5 {[%clk 0:27:54]} f4 {[%clk 0:12:36]} 27. Bb5
{[%clk 0:26:36]} Re7 {[%clk 0:12:44]} 28. exf4 {[%clk 0:24:15]} gxf4 {[%clk
0:13:01]} 29. gxf4 {[%clk 0:20:21]} Rg8 {[%clk 0:13:26]} 30. Rc6 {[%clk 0:19:12]}
Bf8 {[%clk 0:12:51]} 31. Bd3 {[%clk 0:18:29]} Be8 {[%clk 0:11:39]} 32. Rc2 {[%clk
0:16:45]} Reg7 {[%clk 0:11:41]} 33. Bxe4 {[%clk 0:16:33]} dxe4 {[%clk 0:12:09]}
34. Ng3 {[%clk 0:16:55]} e3 {[%clk 0:11:50]} 35. Nxe3 {[%clk 0:17:04]} h4 {[%clk
0:12:03]} 36. Kg2 {[%clk 0:15:32]} Bc5 {[%clk 0:09:05]} 37. Nf5 {[%clk 0:06:49]}
Bc6+ {[%clk 0:06:27]} 38. Kf1 {[%clk 0:06:53]} hxg3 {[%clk 0:06:21]} 39. Nxg3
{[%clk 0:05:38]} Rxg3 {[%clk 0:05:21]} 40. fxg3 {[%clk 0:36:04]} Rxg3 {[%clk
0:35:40]} 41. Rac1 {[%clk 0:16:21]} Bb5+ {[%clk 0:30:14]} 42. Ke1 {[%clk
0:16:44]} Re3+ {[%clk 0:25:52]} 43. Kd2 {[%clk 0:15:28]} Rd3+ {[%clk 0:26:08]}
44. Ke1 {[%clk 0:15:40]} Bxa3 {[%clk 0:25:57]} 45. Rc8+ {[%clk 0:10:50]} Kg7
{[%clk 0:26:07]} 46. R1c7+ {[%clk 0:11:14]} Kg6 {[%clk 0:26:10]} 47. Rxa7 {[%clk
0:10:57]} Bb4+ {[%clk 0:26:27]} 48. Kf2 {[%clk 0:11:22]} Kf5 {[%clk 0:26:21]} 49.
Rf7+ {[%clk 0:11:25]} Ke4 {[%clk 0:26:24]} 50. e6 {[%clk 0:11:34]} Rf3+ {[%clk
0:25:12]} 51. Kg2 {[%clk 0:11:26]} Bf1+ {[%clk 0:23:01]} 52. Kg1 {[%clk 0:07:40]}
Bd2 {[%clk 0:23:06]} 53. Rh8 {[%clk 0:06:47]} Be3+ {[%clk 0:21:27]} 54. Kh1
{[%clk 0:05:46]} Be2 {[%clk 0:19:30]} 55. e7 {[%clk 0:04:53]} Rf1+ {[%clk
0:19:36]} 56. Kh2 {[%clk 0:04:52]} Rf2+ {[%clk 0:11:17]} 57. Kg3 {[%clk 0:05:08]}
Rf3+ {[%clk 0:11:19]} 58. Kg2 {[%clk 0:04:07]} Rf2+ {[%clk 0:07:29]} 59. Kg3
{[%clk 0:04:34]} 1/2-1/2

[Event "European Women's Championship"]
[Site "Vysoke Tatry"]
[Date "2018.04.17"]
[Round "9"]
[White "Ilyuchyk, Yana"]
[Black "Ghukasyan, Siranush"]
[Result "0-1"]
[Board "60"]
[WhiteElo "2098"]
[WhiteCountry "BLR"]
[WhiteFideId "13508407"]
[WhiteEloChange "-7"]
[BlackElo "2195"]
[BlackTitle "WIM"]
[BlackCountry "ARM"]
[BlackFideId "13300946"]
[BlackEloChange "7"]

1. e4 {[%clk 1:30:57]} e5 {[%clk 1:30:42]} 2. Nf3 {[%clk 1:31:23]} Nc6 {[%clk
1:31:00]} 3. d4 {[%clk 1:31:48]} exd4 {[%clk 1:31:18]} 4. Nxd4 {[%clk 1:32:14]}
Nf6 {[%clk 1:31:44]} 5. Nxc6 {[%clk 1:32:39]} bxc6 {[%clk 1:32:11]} 6. e5 {[%clk
1:33:06]} Qe7 {[%clk 1:32:38]} 7. Qe2 {[%clk 1:33:30]} Nd5 {[%clk 1:33:05]} 8. c4
{[%clk 1:33:55]} Nb6 {[%clk 1:33:32]} 9. Nc3 {[%clk 1:34:18]} Qe6 {[%clk
1:33:48]} 10. Qe4 {[%clk 1:34:32]} g6 {[%clk 1:33:15]} 11. Bd3 {[%clk 1:34:53]}
Bg7 {[%clk 1:33:40]} 12. f4 {[%clk 1:35:10]} d5 {[%clk 1:18:13]} 13. exd6 {[%clk
1:33:54]} cxd6 {[%clk 1:18:34]} 14. Bd2 {[%clk 1:19:12]} f5 {[%clk 1:16:18]} 15.
Qxe6+ {[%clk 1:12:56]} Bxe6 {[%clk 1:16:46]} 16. b3 {[%clk 1:13:10]} Kf7 {[%clk
1:01:55]} 17. Kf2 {[%clk 1:07:05]} Bd4+ {[%clk 0:59:47]} 18. Kf3 {[%clk 1:05:24]}
Rhe8 {[%clk 0:57:43]} 19. Rac1 {[%clk 1:02:16]} Nd7 {[%clk 0:54:28]} 20. Ne2
{[%clk 1:00:11]} Bb6 {[%clk 0:54:48]} 21. Bb4 {[%clk 0:45:34]} Bd5+ {[%clk
0:53:14]} 22. cxd5 {[%clk 0:43:42]} Re3+ {[%clk 0:53:39]} 23. Kf2 {[%clk
0:44:07]} Rxd3+ {[%clk 0:53:51]} 24. Ke1 {[%clk 0:40:56]} c5 {[%clk 0:53:28]} 25.
Bd2 {[%clk 0:40:38]} Nf6 {[%clk 0:51:52]} 26. Nc3 {[%clk 0:36:09]} Re8+ {[%clk
0:41:48]} 27. Kd1 {[%clk 0:35:10]} Nxd5 {[%clk 0:41:29]} 28. Nxd5 {[%clk
0:34:15]} Rxd5 {[%clk 0:41:57]} 29. Rc2 {[%clk 0:33:02]} Rd3 {[%clk 0:40:15]} 30.
Rf1 {[%clk 0:31:54]} d5 {[%clk 0:38:41]} 31. Rf3 {[%clk 0:29:14]} Rxf3 {[%clk
0:38:13]} 32. gxf3 {[%clk 0:29:40]} Ke6 {[%clk 0:36:24]} 33. Ke2 {[%clk 0:22:49]}
Kd6+ {[%clk 0:36:14]} 34. Kd3 {[%clk 0:23:04]} Bd8 {[%clk 0:35:53]} 35. Bc3
{[%clk 0:21:58]} d4 {[%clk 0:34:18]} 36. Bd2 {[%clk 0:22:21]} Kd5 {[%clk
0:34:38]} 37. b4 {[%clk 0:19:52]} Bb6 {[%clk 0:33:04]} 38. bxc5 {[%clk 0:16:42]}
Bxc5 {[%clk 0:32:54]} 39. Rb2 {[%clk 0:16:04]} Re6 {[%clk 0:31:41]} 40. Rb7
{[%clk 0:44:39]} Ra6 {[%clk 1:00:43]} 41. Rd7+ {[%clk 0:35:45]} Kc6 {[%clk
1:01:12]} 42. Rxh7 {[%clk 0:36:07]} Ra3+ {[%clk 0:59:52]} 43. Kc4 {[%clk
0:33:11]} Rxa2 {[%clk 1:00:17]} 44. Be1 {[%clk 0:33:21]} Ra1 {[%clk 0:53:19]} 45.
Bd2 {[%clk 0:30:24]} Rd1 {[%clk 0:53:34]} 46. Ba5 {[%clk 0:26:38]} Rc1+ {[%clk
0:54:00]} 47. Kd3 {[%clk 0:26:13]} Kb5 {[%clk 0:54:13]} 48. Bd2 {[%clk 0:26:26]}
Ra1 {[%clk 0:53:51]} 49. Rb7+ {[%clk 0:21:35]} Bb6 {[%clk 0:54:10]} 50. h4 {[%clk
0:20:37]} Ra3+ {[%clk 0:54:28]} 51. Kc2 {[%clk 0:20:39]} Kc4 {[%clk 0:54:47]} 52.
Kb2 {[%clk 0:20:02]} Rxf3 {[%clk 0:53:22]} 53. Rg7 {[%clk 0:20:02]} Rf2 {[%clk
0:53:45]} 54. Kc1 {[%clk 0:19:53]} d3 {[%clk 0:53:00]} 55. Rxg6 {[%clk 0:19:52]}
Rf1+ {[%clk 0:53:25]} 56. Kb2 {[%clk 0:19:46]} Bd4+ {[%clk 0:53:53]} 0-1

[Event "European Women's Championship"]
[Site "Vysoke Tatry"]
[Date "2018.04.17"]
[Round "9"]
[White "Dwilewicz, Katarzyna"]
[Black "Richterova, Natasa"]
[Result "1-0"]
[Board "61"]
[WhiteElo "1967"]
[WhiteTitle "WFM"]
[WhiteCountry "POL"]
[WhiteFideId "1148486"]
[WhiteEloChange "15"]
[BlackElo "2181"]
[BlackTitle "WIM"]
[BlackCountry "CZE"]
[BlackFideId "350591"]
[BlackEloChange "-15"]

1. d4 {[%clk 1:30:58]} d5 {[%clk 1:30:40]} 2. c4 {[%clk 1:31:13]} dxc4 {[%clk
1:31:06]} 3. e3 {[%clk 1:30:35]} e5 {[%clk 1:31:25]} 4. Bxc4 {[%clk 1:29:59]}
exd4 {[%clk 1:31:41]} 5. exd4 {[%clk 1:29:56]} Nf6 {[%clk 1:31:47]} 6. Nf3 {[%clk
1:29:26]} Be7 {[%clk 1:32:06]} 7. O-O {[%clk 1:29:38]} O-O {[%clk 1:32:29]} 8.
Nc3 {[%clk 1:25:05]} Bg4 {[%clk 1:30:46]} 9. Bf4 {[%clk 1:18:08]} Bxf3 {[%clk
1:23:29]} 10. Qxf3 {[%clk 1:18:32]} Qxd4 {[%clk 1:22:33]} 11. b3 {[%clk 1:00:38]}
c6 {[%clk 1:13:07]} 12. Rad1 {[%clk 0:54:07]} Qc5 {[%clk 1:12:22]} 13. Rfe1
{[%clk 0:53:03]} Re8 {[%clk 0:33:01]} 14. Bd6 {[%clk 0:47:09]} Bxd6 {[%clk
0:21:43]} 15. Rxe8+ {[%clk 0:47:32]} Bf8 {[%clk 0:22:11]} 16. Ne4 {[%clk
0:46:36]} 1-0

[Event "European Women's Championship"]
[Site "Vysoke Tatry"]
[Date "2018.04.17"]
[Round "9"]
[White "Hapala, Elisabeth"]
[Black "Slaba, Andrea"]
[Result "1-0"]
[Board "62"]
[WhiteElo "2091"]
[WhiteTitle "WFM"]
[WhiteCountry "AUT"]
[WhiteFideId "1622080"]
[WhiteEloChange "6"]
[BlackElo "1924"]
[BlackCountry "SVK"]
[BlackFideId "14940680"]
[BlackEloChange "-6"]

1. e4 {[%clk 1:30:59]} Nf6 {[%clk 1:30:55]} 2. Nc3 {[%clk 1:29:56]} d5 {[%clk
1:31:13]} 3. exd5 {[%clk 1:29:07]} Nxd5 {[%clk 1:31:34]} 4. d4 {[%clk 1:20:23]}
Nxc3 {[%clk 1:27:33]} 5. bxc3 {[%clk 1:20:51]} e6 {[%clk 1:27:12]} 6. Nf3 {[%clk
1:21:06]} Be7 {[%clk 1:26:13]} 7. Bd3 {[%clk 1:20:35]} Nd7 {[%clk 1:23:45]} 8.
O-O {[%clk 1:19:39]} O-O {[%clk 1:22:46]} 9. Qe2 {[%clk 1:17:35]} Nf6 {[%clk
1:21:25]} 10. Ne5 {[%clk 1:14:04]} c5 {[%clk 1:18:10]} 11. Rd1 {[%clk 1:12:45]}
Qc7 {[%clk 1:16:44]} 12. Bf4 {[%clk 1:00:32]} Qa5 {[%clk 1:10:05]} 13. Qf3 {[%clk
0:55:01]} cxd4 {[%clk 1:07:39]} 14. cxd4 {[%clk 0:55:19]} Qd5 {[%clk 1:05:57]}
15. Qh3 {[%clk 0:52:55]} g6 {[%clk 0:55:31]} 16. Bg5 {[%clk 0:50:38]} Qd8 {[%clk
0:54:42]} 17. c4 {[%clk 0:45:50]} Nd7 {[%clk 0:51:24]} 18. Bh6 {[%clk 0:41:04]}
Re8 {[%clk 0:51:35]} 19. Qg3 {[%clk 0:23:37]} Nxe5 {[%clk 0:50:16]} 20. dxe5
{[%clk 0:24:06]} Qc7 {[%clk 0:49:24]} 21. h4 {[%clk 0:24:05]} Bf8 {[%clk
0:47:47]} 22. Bxf8 {[%clk 0:22:09]} Rxf8 {[%clk 0:47:26]} 23. h5 {[%clk 0:22:27]}
Qe7 {[%clk 0:44:19]} 24. Be4 {[%clk 0:22:21]} Rb8 {[%clk 0:42:50]} 25. Rd6 {[%clk
0:15:14]} Kg7 {[%clk 0:40:52]} 26. Rad1 {[%clk 0:15:12]} f5 {[%clk 0:37:41]} 27.
exf6+ {[%clk 0:15:11]} Qxf6 {[%clk 0:37:34]} 28. hxg6 {[%clk 0:07:14]} hxg6
{[%clk 0:37:59]} 29. R6d3 {[%clk 0:06:19]} e5 {[%clk 0:36:07]} 30. Rf3 {[%clk
0:06:45]} Qe6 {[%clk 0:35:10]} 31. Rxf8 {[%clk 0:05:38]} Kxf8 {[%clk 0:35:36]}
32. Rd8+ {[%clk 0:05:34]} Kg7 {[%clk 0:34:10]} 33. Bxg6 {[%clk 0:05:47]} Kf6
{[%clk 0:33:20]} 34. Be4 {[%clk 0:04:38]} Ke7 {[%clk 0:32:59]} 35. Qg5+ {[%clk
0:04:46]} Kf7 {[%clk 0:33:13]} 36. Bd5 {[%clk 0:05:07]} 1-0

[Event "European Women's Championship"]
[Site "Vysoke Tatry"]
[Date "2018.04.17"]
[Round "9"]
[White "Ferkova, Dominika"]
[Black "Klek, Hanna Marie"]
[Result "1/2-1/2"]
[Board "63"]
[WhiteElo "2068"]
[WhiteCountry "SVK"]
[WhiteFideId "14933071"]
[WhiteEloChange "6"]
[BlackElo "2327"]
[BlackTitle "WGM"]
[BlackCountry "GER"]
[BlackFideId "24670057"]
[BlackEloChange "-6"]

1. d4 {[%clk 1:30:58]} Nf6 {[%clk 1:30:55]} 2. c4 {[%clk 1:31:20]} e6 {[%clk
1:31:22]} 3. Nc3 {[%clk 1:31:41]} Bb4 {[%clk 1:31:48]} 4. a3 {[%clk 1:31:54]}
Bxc3+ {[%clk 1:32:10]} 5. bxc3 {[%clk 1:32:18]} c5 {[%clk 1:32:25]} 6. e3 {[%clk
1:32:09]} Qa5 {[%clk 1:32:48]} 7. Bd2 {[%clk 1:31:20]} Ne4 {[%clk 1:32:57]} 8. f3
{[%clk 1:28:00]} Nxd2 {[%clk 1:31:49]} 9. Qxd2 {[%clk 1:28:18]} cxd4 {[%clk
1:28:31]} 10. cxd4 {[%clk 1:28:15]} Qxd2+ {[%clk 1:26:29]} 11. Kxd2 {[%clk
1:28:35]} b6 {[%clk 1:26:36]} 12. Bd3 {[%clk 1:27:07]} Ba6 {[%clk 1:24:49]} 13.
Ne2 {[%clk 1:17:23]} Nc6 {[%clk 1:21:55]} 14. Rac1 {[%clk 1:13:40]} d6 {[%clk
1:16:33]} 15. Rc3 {[%clk 1:11:28]} Ke7 {[%clk 1:15:24]} 16. c5 {[%clk 1:04:30]}
Bxd3 {[%clk 1:15:09]} 17. cxd6+ {[%clk 1:04:50]} Kxd6 {[%clk 1:15:27]} 18. Kxd3
{[%clk 1:05:15]} Rhc8 {[%clk 1:13:56]} 19. Rhc1 {[%clk 0:59:45]} Ne7 {[%clk
1:11:33]} 20. Rxc8 {[%clk 0:59:25]} Rxc8 {[%clk 1:11:59]} 21. Rxc8 {[%clk
0:59:49]} Nxc8 {[%clk 1:12:25]} 22. Nc3 {[%clk 0:51:44]} Kc6 {[%clk 1:12:17]} 23.
a4 {[%clk 0:49:58]} Ne7 {[%clk 1:09:11]} 24. e4 {[%clk 0:48:30]} a6 {[%clk
1:02:10]} 25. Kc4 {[%clk 0:44:13]} g5 {[%clk 0:59:24]} 26. Na2 {[%clk 0:38:16]}
Ng6 {[%clk 0:54:32]} 27. g3 {[%clk 0:36:07]} h5 {[%clk 0:54:00]} 28. Nb4+ {[%clk
0:35:35]} Kb7 {[%clk 0:54:20]} 29. Nd3 {[%clk 0:35:04]} Kc6 {[%clk 0:52:44]} 30.
Nb4+ {[%clk 0:32:03]} Kb7 {[%clk 0:52:57]} 31. Nd3 {[%clk 0:32:03]} 1/2-1/2

[Event "European Women's Championship"]
[Site "Vysoke Tatry"]
[Date "2018.04.17"]
[Round "9"]
[White "Leite Oralova, Catarina"]
[Black "Caglar, Sila"]
[Result "0-1"]
[Board "64"]
[WhiteElo "2134"]
[WhiteTitle "WIM"]
[WhiteCountry "POR"]
[WhiteFideId "1901222"]
[WhiteEloChange "-12"]
[BlackElo "2077"]
[BlackTitle "WFM"]
[BlackCountry "TUR"]
[BlackFideId "6364063"]
[BlackEloChange "12"]

1. e4 {[%clk 1:30:56]} g6 {[%clk 1:30:54]} 2. d4 {[%clk 1:30:32]} Bg7 {[%clk
1:30:56]} 3. Nf3 {[%clk 1:29:51]} d6 {[%clk 1:31:06]} 4. Nc3 {[%clk 1:25:52]} a6
{[%clk 1:31:22]} 5. a4 {[%clk 1:24:36]} b6 {[%clk 1:31:33]} 6. Bc4 {[%clk
1:17:07]} e6 {[%clk 1:29:04]} 7. Bg5 {[%clk 1:13:55]} Ne7 {[%clk 1:28:46]} 8. Qd2
{[%clk 1:11:24]} h6 {[%clk 1:27:31]} 9. Be3 {[%clk 1:05:07]} Bb7 {[%clk 1:26:33]}
10. O-O {[%clk 1:00:45]} Nd7 {[%clk 1:26:37]} 11. Rad1 {[%clk 0:50:38]} g5 {[%clk
1:15:26]} 12. Ne1 {[%clk 0:46:20]} Nf6 {[%clk 1:10:36]} 13. d5 {[%clk 0:30:16]}
e5 {[%clk 0:58:47]} 14. b4 {[%clk 0:22:03]} Ng6 {[%clk 0:54:14]} 15. f3 {[%clk
0:14:11]} Qe7 {[%clk 0:51:24]} 16. Ne2 {[%clk 0:14:00]} Nh5 {[%clk 0:47:39]} 17.
Bd3 {[%clk 0:10:38]} Nhf4 {[%clk 0:39:18]} 18. c4 {[%clk 0:09:21]} O-O {[%clk
0:38:22]} 19. Ng3 {[%clk 0:06:36]} Nh4 {[%clk 0:36:41]} 20. Ne2 {[%clk 0:03:29]}
f5 {[%clk 0:31:26]} 21. g3 {[%clk 0:03:42]} fxe4 {[%clk 0:31:03]} 22. Bxe4 {[%clk
0:04:03]} Nh3+ {[%clk 0:27:50]} 23. Kh1 {[%clk 0:04:32]} Nf5 {[%clk 0:27:49]} 24.
Nc2 {[%clk 0:03:46]} Bc8 {[%clk 0:24:29]} 25. Qd3 {[%clk 0:03:18]} h5 {[%clk
0:17:12]} 26. Ng1 {[%clk 0:03:03]} Nh6 {[%clk 0:11:39]} 27. Qd2 {[%clk 0:02:24]}
Nf7 {[%clk 0:09:36]} 28. Qg2 {[%clk 0:01:42]} Nxg1 {[%clk 0:08:26]} 29. Kxg1
{[%clk 0:01:36]} Bd7 {[%clk 0:08:46]} 30. a5 {[%clk 0:01:02]} bxa5 {[%clk
0:05:34]} 31. bxa5 {[%clk 0:01:31]} Nh6 {[%clk 0:05:52]} 32. Qd2 {[%clk 0:01:30]}
Bf6 {[%clk 0:05:13]} 33. Bg6 {[%clk 0:00:45]} Be8 {[%clk 0:03:25]} 34. Bxe8
{[%clk 0:00:52]} Raxe8 {[%clk 0:03:54]} 35. h4 {[%clk 0:00:42]} Nf7 {[%clk
0:03:53]} 36. Qd3 {[%clk 0:00:41]} gxh4 {[%clk 0:02:10]} 37. Qg6+ {[%clk
0:00:38]} Bg7 {[%clk 0:02:38]} 38. gxh4 {[%clk 0:00:34]} e4 {[%clk 0:01:55]} 39.
Qxh5 {[%clk 0:00:53]} Ne5 {[%clk 0:00:45]} 40. Bg5 {[%clk 0:31:17]} Qd7 {[%clk
0:30:37]} 41. f4 {[%clk 0:15:45]} Nxc4 {[%clk 0:30:16]} 42. Qe2 {[%clk 0:12:52]}
Nxa5 {[%clk 0:29:36]} 43. Rf2 {[%clk 0:12:14]} Rf7 {[%clk 0:14:26]} 44. Nd4
{[%clk 0:07:09]} c5 {[%clk 0:07:51]} 45. Ne6 {[%clk 0:04:56]} Rxe6 {[%clk
0:03:58]} 46. dxe6 {[%clk 0:05:24]} Qxe6 {[%clk 0:04:26]} 47. Rg2 {[%clk
0:03:53]} Nc6 {[%clk 0:04:12]} 48. Qxa6 {[%clk 0:00:39]} Nd4 {[%clk 0:04:25]} 49.
Rxd4 {[%clk 0:00:34]} cxd4 {[%clk 0:02:40]} 50. h5 {[%clk 0:01:03]} d3 {[%clk
0:00:46]} 51. h6 {[%clk 0:00:34]} Bd4+ {[%clk 0:01:16]} 52. Kf1 {[%clk 0:00:32]}
Kh7 {[%clk 0:01:31]} 53. Qa4 {[%clk 0:00:47]} Bc5 {[%clk 0:01:07]} 54. Qa8 {[%clk
0:00:33]} Ra7 {[%clk 0:01:11]} 55. Ra2 {[%clk 0:00:31]} Rxa8 {[%clk 0:01:11]} 56.
Rxa8 {[%clk 0:01:00]} Qh3+ {[%clk 0:01:28]} 57. Ke1 {[%clk 0:01:24]} Qe3+ {[%clk
0:01:47]} 0-1

[Event "European Women's Championship"]
[Site "Vysoke Tatry"]
[Date "2018.04.17"]
[Round "9"]
[White "Trippold, Denise"]
[Black "Zpevakova, Jana"]
[Result "1/2-1/2"]
[Board "65"]
[WhiteElo "2067"]
[WhiteTitle "WFM"]
[WhiteCountry "AUT"]
[WhiteFideId "1625594"]
[WhiteEloChange "1"]
[BlackElo "2106"]
[BlackCountry "CZE"]
[BlackFideId "334030"]
[BlackEloChange "-1"]

1. c4 {[%clk 1:30:57]} Nf6 {[%clk 1:30:40]} 2. g3 {[%clk 1:31:18]} e6 {[%clk
1:29:56]} 3. Bg2 {[%clk 1:31:41]} d5 {[%clk 1:30:03]} 4. Nf3 {[%clk 1:31:51]}
dxc4 {[%clk 1:29:41]} 5. Qa4+ {[%clk 1:32:05]} c6 {[%clk 1:29:16]} 6. Qxc4 {[%clk
1:32:27]} b5 {[%clk 1:28:41]} 7. Qb3 {[%clk 1:32:18]} Bb7 {[%clk 1:26:32]} 8. O-O
{[%clk 1:32:04]} Nbd7 {[%clk 1:25:35]} 9. d4 {[%clk 1:29:59]} Qb6 {[%clk
1:21:43]} 10. a4 {[%clk 1:21:21]} a6 {[%clk 1:18:59]} 11. Ne5 {[%clk 1:04:30]}
Rc8 {[%clk 1:12:51]} 12. Be3 {[%clk 1:00:46]} c5 {[%clk 1:07:16]} 13. Nxd7 {[%clk
0:48:14]} Nxd7 {[%clk 1:07:12]} 14. dxc5 {[%clk 0:48:37]} Bxc5 {[%clk 1:04:41]}
15. Bxb7 {[%clk 0:44:46]} Qxb7 {[%clk 1:03:37]} 16. axb5 {[%clk 0:43:46]} axb5
{[%clk 0:59:32]} 17. Ra5 {[%clk 0:36:28]} Bxe3 {[%clk 0:54:34]} 18. Qxe3 {[%clk
0:34:28]} O-O {[%clk 0:51:07]} 19. Nc3 {[%clk 0:34:23]} Rc5 {[%clk 0:48:19]} 20.
Rd1 {[%clk 0:31:13]} Rfc8 {[%clk 0:47:30]} 21. Qd4 {[%clk 0:14:18]} Nf8 {[%clk
0:42:41]} 22. Rda1 {[%clk 0:13:56]} e5 {[%clk 0:34:29]} 23. Qb4 {[%clk 0:11:51]}
h6 {[%clk 0:30:17]} 24. Rxb5 {[%clk 0:08:56]} Rxb5 {[%clk 0:30:00]} 25. Qxb5
{[%clk 0:09:16]} Qxb5 {[%clk 0:26:54]} 26. Nxb5 {[%clk 0:09:45]} Rb8 {[%clk
0:24:29]} 27. Ra5 {[%clk 0:09:29]} f6 {[%clk 0:24:50]} 28. f4 {[%clk 0:04:14]}
exf4 {[%clk 0:20:45]} 29. gxf4 {[%clk 0:04:43]} Ng6 {[%clk 0:21:04]} 30. e3
{[%clk 0:04:02]} Ne7 {[%clk 0:20:46]} 31. Nd6 {[%clk 0:03:01]} Rxb2 {[%clk
0:20:13]} 32. Ra8+ {[%clk 0:03:28]} Kh7 {[%clk 0:20:22]} 33. Ra7 {[%clk 0:03:20]}
Rb6 {[%clk 0:15:59]} 1/2-1/2